00759nam a22001577a 4500003000400000005001700004008004100021020001800062040001500080100002300095245008600118260003600204300001100240505031800251650003200569OSt20240408103848.0230628b2019 ag ||||| |||| 00| 0 spa d a9789501298314 bspacbesoc1 aSmith, Kerieautor10aCómo ser un explorador del mundo :bMuseo de arte vida portátil /cKeri Smith aBuenos Aires :bPaidós,c2019 a204 p.0 aCompañero invalorable de tus paseos, este nuevo libro de la genial Keri Smith, autora de Destroza este diario, te guiará y ayudará a hacer cosas extraordinarias. Más de medio centenar de actividades para chicos y chicas con ganas de jugar a ser artistas y mirar el mundo con ojos nuevos. [Nota del editor] 4aAprendizaje por experiencia